000
00322nam a22001337a 4500
003
SGT
020
_a
9789367559215
082
_a
630
_b
SIN
100
_a
SINGH DR NITESH
245
_a
MILLETS A SUPERFOOD FOR SUSTAINABLE GROWTH AND DEVELOPMENT
260
_a
INDIA
_b
CONTENT VIBES
_c
2025
300
_a
241
942
_2
ddc
_c
BK
999
_c
33166
_d
33166